000 00831nam a2200241 a 4500
999 _c521
_d521
008 190912r20052010uk a|||gr|||| 001 0 eng d
020 _a9780521687232
_cRs. 245.00
040 _aKO
_beng
041 0 _aeng
044 _aii
082 0 4 _223
_a428
_bM1271
100 1 _aMcCarthy, Michael
245 1 0 _aEnglish Collocations in Use :
_bHow words work together for fluent and natural English: Self-Study and Classroom use /
_cMichael McCarthy, Felicity O'Dell
260 _aUK :
_bCambridge University Press,
_c2005
300 _a190 p. :
_bill. ;
_c26 cm.
504 _aIncludes index.
650 0 _aEnglish language
_xTextbooks for foreign speakers
_vTextbooks
650 0 _aCollocation (Linguistics)
_vTextbooks
650 0 _aEnglish Language
_xGrammar
_vTextbooks
700 1 _aO'Dell, Felicity
_eaut
942 _cBK